[Event "Dieren op"]
[Site "Dieren"]
[Date "2018.07.30"]
[Round "6"]
[White "Van Roon, Sjoerd"]
[Black "Pols, Wiggert"]
[Result "1-0"]
[WhiteElo "2100"]
[BlackElo "2177"]
[PlyCount "57"]
[EventDate "2018.07.24"]
[EventType "tourn"]
[EventRounds "9"]
[EventCountry "NED"]
[SourceTitle "CBM 185 Extra"]
[Source "ChessBase"]
[SourceDate "2018.07.29"]
[SourceVersion "1"]
[SourceVersionDate "2018.07.29"]
[SourceQuality "1"]

1. e4 c5 2. Nf3 Nc6 3. d4 cxd4 4. Nxd4 e5 5. Nb5 d6 6. N1c3 a6 7. Na3 b5 8. Nd5 Nge7 9. c4 Nxd5 10. exd5 Nd4 11. cxb5 g6 12. Be3 Bg7 13. Bxd4 exd4 14. Bd3 0-0 15. 0-0 Bb7 16. bxa6 Bxd5 17. b4 Qg5 18. g3 Rac8 19. b5 Rc3 20. Nb1 f5 21. Nxc3 dxc3 22. Bc2 Ba8 23. b6 Bc6 24. Qxd6 Bf3 25. b7 Qg4 26. Bb3+ Kh8 27. b8Q Qh3 28. Qdxf8+ Bxf8 29. Qxf8# 1-0

[Event "Dieren op"]
[Site "Dieren"]
[Date "2018.07.28"]
[Round "5"]
[White "Pols, Wiggert"]
[Black "Rajesh, VAV"]
[Result "0-1"]
[WhiteElo "2177"]
[BlackElo "2309"]
[PlyCount "118"]
[EventDate "2018.07.24"]
[EventType "tourn"]
[EventRounds "9"]
[EventCountry "NED"]
[SourceTitle "CBM 185 Extra"]
[Source "ChessBase"]
[SourceDate "2018.07.29"]
[SourceVersion "1"]
[SourceVersionDate "2018.07.29"]
[SourceQuality "1"]

1. e4 e5 2. d4 exd4 3. c3 d3 4. Bxd3 Nc6 5. Nf3 d6 6. h3 Nf6 7. Nbd2 g6 8. 0-0 Bg7 9. Nd4 Bd7 10. f4 0-0 11. N2f3 Re8 12. Qc2 Nxd4 13. cxd4 Bc6 14. Re1 d5 15. e5 Ne4 16. b4 Qd7 17. Be3 a5 18. a3 Bf8 19. Rab1 Ba4 20. Qc1 axb4 21. axb4 Bb5 22. Bc2 Ra6 23. Qb2 Rea8 24. Ra1 Rxa1 25. Rxa1 Rxa1+ 26. Qxa1 Qc6 27. Bxe4 dxe4 28. Nh4 Be7 29. Qe1 Qc2 30. Qg3 Qd1+ 31. Kh2 Qh5 32. Bf2 Bd7 33. Be1 h6 34. Qf2 Qd1 35. g4 h5 36. f5 e3 37. Qxe3 hxg4 38. fxg6 Qc2+ 39. Qf2 Qxf2+ 40. Bxf2 gxh3 41. gxf7+ Kxf7 42. d5 Bg4 43. Be1 b5 44. e6+ Kg7 45. Bg3 Kh6 46. Bf4+ Kh5 47. Bxc7 Bxh4 48. Bd6 Kg6 49. Bc5 Be1 50. Bf8 Kf6 51. Bd6 Bf5 52. Bc5 Ke5 53. e7 Bd7 54. d6 Kd5 55. e8Q Bxe8 56. Kxh3 Bd7+ 57. Kg2 Kc4 58. Be3 Bxb4 59. Kf2 Kd3 0-1

[Event "Dieren op"]
[Site "Dieren"]
[Date "2018.07.24"]
[Round "1"]
[White "Pols, Wiggert"]
[Black "Beerdsen, Thomas"]
[Result "0-1"]
[WhiteElo "2177"]
[BlackElo "2469"]
[PlyCount "50"]
[EventDate "2018.07.24"]
[EventType "tourn"]
[EventRounds "9"]
[EventCountry "NED"]
[SourceTitle "CBM 185 Extra"]
[Source "ChessBase"]
[SourceDate "2018.07.29"]
[SourceVersion "1"]
[SourceVersionDate "2018.07.29"]
[SourceQuality "1"]

1. e4 e6 2. Nf3 c5 3. b4 cxb4 4. d4 Nf6 5. Bd3 d5 6. e5 Ne4 7. Bxe4 dxe4 8. Ng5 Qd5 9. 0-0 h6 10. c4 Qxc4 11. Nxe4 Nc6 12. Be3 Qd5 13. Ng3 b6 14. Qg4 Bb7 15. Nh5 0-0-0 16. a3 Kb8 17. axb4 Bxb4 18. Nf4 Qe4 19. d5 g5 20. Ra4 gxf4 21. Nc3 Qc4 22. Rc1 Qb3 23. Qxf4 Bxc3 24. dxc6 Qd1+ 25. Rxd1 Rxd1# 0-1

[Event "NED-ch U20"]
[Site "Assen"]
[Date "2018.05.04"]
[Round "6"]
[White "Warmerdam, Max"]
[Black "Pols, Wiggert"]
[Result "0-1"]
[WhiteElo "2378"]
[BlackElo "2068"]
[PlyCount "124"]
[EventDate "2018.04.29"]
[EventType "swiss"]
[EventRounds "7"]
[EventCountry "NED"]
[SourceTitle "CBM 184 Extra"]
[Source "ChessBase"]
[SourceDate "2018.06.28"]
[SourceVersion "1"]
[SourceVersionDate "2018.06.28"]
[SourceQuality "1"]

1. d4 Nf6 2. c4 g6 3. g3 Bg7 4. Bg2 0-0 5. Nc3 d6 6. Nf3 c5 7. d5 Na6 8. 0-0 Nc7 9. a4 e5 10. e4 Bg4 11. h3 Bd7 12. Be3 b6 13. Ne1 Nh5 14. Kh2 a6 15. Nc2 f5 16. exf5 Bxf5 17. a5 b5 18. b4 bxc4 19. bxc5 Bd3 20. Be4 dxc5 21. Bxd3 cxd3 22. Qxd3 e4 23. Qc4 Bxc3 24. d6+ Rf7 25. dxc7 Qf6 26. Qxc5 Rc8 27. Bd4 Bxd4 28. Qxd4 Rcxc7 29. Qxf6 Nxf6 30. Nb4 Rc4 31. Rab1 Rc5 32. Ra1 Rb7 33. Ra4 Rc4 34. Rb1 e3 35. Kg2 e2 36. Nd3 Rxb1 37. Rxc4 Rd1 38. Kf3 Rxd3+ 39. Kxe2 Rd6 40. Rc7 Nd7 41. f4 Kf7 42. g4 Ke6 43. Ke3 Nf6 44. Ra7 Kd5 45. Rf7 Kc6 46. f5 gxf5 47. gxf5 h6 48. Kf4 Nd7 49. Re7 Kb5 50. Kg4 Kxa5 51. Kh5 Kb5 52. Re6 Rxe6 53. fxe6 Nf6+ 54. Kxh6 Ne8 55. Kg6 a5 56. Kf7 Nd6+ 57. Ke7 Kc6 58. h4 a4 59. h5 a3 60. h6 a2 61. h7 a1Q 62. h8Q Nf5+ 0-1

[Event "NED-ch U16"]
[Site "Rotterdam"]
[Date "2016.05.07"]
[Round "9"]
[White "Elgersma, Simon"]
[Black "Pols, Wiggert"]
[Result "0-1"]
[WhiteElo "2135"]
[BlackElo "1940"]
[PlyCount "66"]
[EventDate "2016.04.29"]
[EventType "swiss"]
[EventRounds "9"]
[EventCountry "NED"]
[SourceTitle "CBM 172 Extra"]
[Source "ChessBase"]
[SourceDate "2016.06.21"]
[SourceVersion "1"]
[SourceVersionDate "2016.06.21"]
[SourceQuality "1"]

1. e4 e5 2. Nf3 Nc6 3. Bb5 f5 4. d3 fxe4 5. dxe4 Nf6 6. Bg5 Bc5 7. Nc3 d6 8. Bxf6 Qxf6 9. Nd5 Qf7 10. b4 Bb6 11. Bc4 Qg6 12. Qe2 Bg4 13. c3 Rf8 14. 0-0-0 Ne7 15. Nxe7 Kxe7 16. h3 Bxf3 17. gxf3 Rf4 18. Rhg1 Qf6 19. Rd3 g6 20. Bb3 a5 21. Kb1 Kf8 22. Rg4 Kg7 23. Rxf4 Qxf4 24. bxa5 Rxa5 25. Rd1 Ra8 26. Rg1 Qh2 27. Rg4 Qxf2 28. Qc4 Bc5 29. Qf7+ Kh6 30. Bd1 Qe1 31. Kc2 Be3 32. Qd5 c6 33. Qb3 Qd2+ 0-1

[Event "NED-ch U16"]
[Site "Rotterdam"]
[Date "2016.05.04"]
[Round "6"]
[White "Kanters, Cor"]
[Black "Pols, Wiggert"]
[Result "1/2-1/2"]
[WhiteElo "1760"]
[BlackElo "1940"]
[PlyCount "82"]
[EventDate "2016.04.29"]
[EventType "swiss"]
[EventRounds "9"]
[EventCountry "NED"]
[SourceTitle "CBM 172 Extra"]
[Source "ChessBase"]
[SourceDate "2016.06.21"]
[SourceVersion "1"]
[SourceVersionDate "2016.06.21"]
[SourceQuality "1"]

1. d4 Nf6 2. c4 g6 3. Nf3 Bg7 4. g3 0-0 5. Bg2 d6 6. 0-0 c5 7. Nc3 Nc6 8. e3 Bf5 9. Qe2 Ne4 10. Rd1 Nxc3 11. bxc3 Qc7 12. Bb2 Na5 13. Rac1 Rfe8 14. e4 Bg4 15. h3 Bxf3 16. Bxf3 e5 17. Qd3 Rad8 18. Qf1 Nc6 19. dxc5 dxc5 20. Ba3 b6 21. Rd3 Rxd3 22. Qxd3 Rd8 23. Qe2 Rd6 24. Rd1 Bh6 25. Rd3 Qd8 26. Rxd6 Qxd6 27. Qd1 Qxd1+ 28. Bxd1 Kf8 29. Kf1 Ke7 30. Ke2 Ke6 31. Kd3 Ne7 32. Bb2 Nc8 33. Ba4 f5 34. f3 f4 35. Bc1 Kf6 36. Bd2 Nd6 37. g4 Bg5 38. Be1 Kg7 39. Bc6 Bf6 40. a4 Nf7 41. h4 a5 1/2-1/2

[Event "NED-ch U16"]
[Site "Rotterdam"]
[Date "2016.05.03"]
[Round "5"]
[White "Van Hoorn, Geert"]
[Black "Pols, Wiggert"]
[Result "0-1"]
[WhiteElo "1902"]
[BlackElo "1940"]
[PlyCount "70"]
[EventDate "2016.04.29"]
[EventType "swiss"]
[EventRounds "9"]
[EventCountry "NED"]
[SourceTitle "CBM 172 Extra"]
[Source "ChessBase"]
[SourceDate "2016.06.21"]
[SourceVersion "1"]
[SourceVersionDate "2016.06.21"]
[SourceQuality "1"]

1. e4 Nc6 2. f4 d5 3. e5 Bf5 4. Nf3 e6 5. d4 h5 6. Bd3 Nh6 7. 0-0 Qd7 8. c3 Ne7 9. a4 Bxd3 10. Qxd3 Nef5 11. b4 c6 12. Nbd2 Be7 13. Nb3 b6 14. Bd2 Rc8 15. a5 b5 16. a6 Kd8 17. Qe2 Kc7 18. Ne1 Rcg8 19. Nd3 Qd8 20. Ndc5 g5 21. Nb7 Qf8 22. fxg5 Bxg5 23. Bxg5 Rxg5 24. N3a5 Rhg8 25. Rf2 Qg7 26. Nxc6 Kxc6 27. Ra5 Nh4 28. Qxb5+ Kc7 29. Raa2 Nxg2 30. Qc5+ Kb8 31. Qd6+ Ka8 32. Kf1 Qg6 33. Nc5 Qb1+ 34. Ke2 Qxa2+ 35. Kd1 Ne3+ 0-1

[Event "NED-ch U16"]
[Site "Rotterdam"]
[Date "2016.04.29"]
[Round "1"]
[White "Van Nimwegen, Martijn"]
[Black "Pols, Wiggert"]
[Result "0-1"]
[WhiteElo "1491"]
[BlackElo "1940"]
[PlyCount "44"]
[EventDate "2016.04.29"]
[EventType "swiss"]
[EventRounds "9"]
[EventCountry "NED"]
[SourceTitle "CBM 172 Extra"]
[Source "ChessBase"]
[SourceDate "2016.06.21"]
[SourceVersion "1"]
[SourceVersionDate "2016.06.21"]
[SourceQuality "1"]

1. e4 e5 2. Nf3 Nc6 3. Bb5 f5 4. d3 fxe4 5. dxe4 Nf6 6. Qe2 Bc5 7. h3 d6 8. Nc3 0-0 9. Bg5 Kh8 10. 0-0-0 a6 11. Bxc6 bxc6 12. Nxe5 Qe8 13. Nf3 Be6 14. b3 Ba3+ 15. Kb1 a5 16. Bc1 Bxc1 17. Rxc1 c5 18. Rhd1 a4 19. e5 Nh5 20. exd6 Nf4 21. Qe4 axb3 22. cxb3 Bf5 0-1

[Event "Delft Prinsenstad op 9th"]
[Site "Delft"]
[Date "2016.03.26"]
[Round "4"]
[White "Glissenaar, Marcel"]
[Black "Pols, Wiggert"]
[Result "1/2-1/2"]
[WhiteElo "2062"]
[BlackElo "1917"]
[PlyCount "123"]
[EventDate "2016.03.25"]
[EventType "swiss"]
[EventRounds "6"]
[EventCountry "NED"]
[SourceTitle "CBM 171 Extra"]
[Source "ChessBase"]
[SourceDate "2016.04.26"]
[SourceVersion "1"]
[SourceVersionDate "2016.04.26"]
[SourceQuality "1"]

1. e4 e5 2. Nf3 Nc6 3. Bc4 Nf6 4. d3 Be7 5. 0-0 d6 6. c3 Na5 7. Bb5+ c6 8. Ba4 b5 9. Bc2 c5 10. Nbd2 Nc6 11. Re1 0-0 12. a4 b4 13. Nc4 Nd7 14. Ne3 a5 15. d4 Qc7 16. Nd5 Qd8 17. Be3 Nb6 18. dxe5 dxe5 19. Nxe7+ Qxe7 20. Bd3 Rd8 21. Qe2 Bg4 22. Bb5 Rac8 23. Red1 h6 24. Ba6 Rc7 25. Qb5 Nd7 26. h3 Be6 27. cxb4 Nxb4 28. Qxa5 Nxa6 29. Qxa6 Rb8 30. Qe2 Rb4 31. a5 Bc4 32. Qd2 Ba6 33. Qd6 Qxd6 34. Rxd6 Bb5 35. a6 Ra4 36. Rxa4 Bxa4 37. Nd2 Kf8 38. Rd3 Bb5 39. Ra3 Ra7 40. Nb3 Rxa6 41. Rxa6 Bxa6 42. Bxc5+ Nxc5 43. Nxc5 Bb5 44. f3 Ke7 45. Kf2 Kd6 46. Nb3 f6 47. g3 Bd7 48. h4 Kc6 49. Ke3 Kb5 50. Nd2 g5 51. f4 exf4+ 52. gxf4 gxh4 53. f5 h3 54. Kf2 Kc5 55. Nf3 h2 56. Nxh2 Kd4 57. Ng4 Bc6 58. Nxf6 Ke5 59. Ng4+ Kxe4 60. f6 Bd5 61. Nxh6 Bc6 62. Ng4 1/2-1/2

[Event "Rotterdam Basamro blitz op "]
[Site "Rotterdam"]
[Date "2015.10.24"]
[Round "8"]
[White "Nguyen, Kevin"]
[Black "Pols, Wiggert"]
[Result "1-0"]
[WhiteElo "2069"]
[BlackElo "1865"]
[PlyCount "91"]
[EventDate "2015.10.24"]
[EventType "swiss (blitz)"]
[EventRounds "8"]
[EventCountry "NED"]
[SourceTitle "EXT 2018"]
[Source "ChessBase"]
[SourceDate "2017.10.13"]
[SourceVersion "1"]
[SourceVersionDate "2017.10.13"]
[SourceQuality "1"]

1. Nf3 Nf6 2. g3 g6 3. Bg2 Bg7 4. 0-0 0-0 5. d3 d6 6. e4 e5 7. Nbd2 Nc6 8. c3 Ne7 9. Qe2 c6 10. Rd1 Qc7 11. Nf1 Ne8 12. d4 exd4 13. cxd4 f5 14. e5 dxe5 15. dxe5 Nd5 16. Ng5 h6 17. Nf3 Rf7 18. Ne3 Nxe3 19. Bxe3 Re7 20. Qc4+ Be6 21. Qc3 Bd5 22. Bc5 Re6 23. Nd4 Rxe5 24. Re1 Bxg2 25. Kxg2 Rd5 26. Rad1 b6 27. Re7 Qc8 28. Ba3 c5 29. Qc4 Qd8 30. Nc6 Qd6 31. Qxd5+ Qxd5+ 32. Rxd5 Nf6 33. Rd1 a5 34. Ne5 g5 35. Nd7 Ne4 36. Nxb6 Rb8 37. Rdd7 Bd4 38. Nd5 Nxf2 39. Ne3 Ne4 40. Nxf5 Bf6 41. Nxh6+ Kf8 42. Rf7+ Ke8 43. Nf5 Bd4 44. Nxd4 cxd4 45. Rde7+ Kd8 46. Rf8# 1-0

[Event "Rotterdam Basamro blitz op "]
[Site "Rotterdam"]
[Date "2015.10.24"]
[Round "5"]
[White "Pols, Wiggert"]
[Black "Kovalenko, Dmitrii"]
[Result "1-0"]
[WhiteElo "1865"]
[BlackElo "1615"]
[PlyCount "31"]
[EventDate "2015.10.24"]
[EventType "swiss (blitz)"]
[EventRounds "8"]
[EventCountry "NED"]
[SourceTitle "EXT 2018"]
[Source "ChessBase"]
[SourceDate "2017.10.13"]
[SourceVersion "1"]
[SourceVersionDate "2017.10.13"]
[SourceQuality "1"]

1. e4 e5 2. Nf3 Nc6 3. Bc4 Nf6 4. d3 Be7 5. 0-0 0-0 6. c3 d6 7. Bb3 h6 8. Re1 Nh7 9. Nbd2 Ng5 10. Nxg5 Bxg5 11. h3 Na5 12. Bc2 c5 13. Nf3 Nc6 14. Nxg5 hxg5 15. Qh5 f6 16. Bb3+ 1-0